[Event "Ruhrgebiet Regionalliga 1718"]
[Site "Germany"]
[Date "2017.10.22"]
[Round "2.1"]
[White "Schlehoefer, Ralf"]
[Black "Happel, Heiner"]
[Result "0-1"]
[WhiteElo "2216"]
[BlackElo "2171"]
[PlyCount "68"]
[EventDate "2017.10.01"]
[EventType "team-tourn"]
[EventRounds "9"]
[EventCountry "GER"]
[SourceTitle "EXT 2022"]
[Source "ChessBase"]
[SourceDate "2021.10.06"]
[SourceVersion "1"]
[SourceVersionDate "2021.10.06"]
[SourceQuality "1"]
[WhiteTeam "Wattenscheid SV II"]
[BlackTeam "Hamm Koenigsspringer"]
[WhiteTeamCountry "GER"]
[BlackTeamCountry "GER"]

1. d4 d5 2. c4 c6 3. Nf3 Nf6 4. Nc3 a6 5. c5 Bf5 6. Qb3 Ra7 7. Bf4 Nbd7 8. h3 h6 9. e3 g5 10. Bh2 Bg7 11. Be2 0-0 12. 0-0 Ne4 13. Rfd1 Re8 14. Nxe4 Bxe4 15. Ne5 Bxe5 16. Bxe5 Nxe5 17. dxe5 e6 18. Qc3 a5 19. Rd4 Bg6 20. f4 gxf4 21. Rxf4 b6 22. cxb6 Qxb6 23. Raf1 Rb8 24. b3 a4 25. b4 a3 26. Bd1 c5 27. bxc5 Qb2 28. Qd4 Qxa2 29. c6 Rc7 30. Rh4 Rxc6 31. Qf4 Rc4 32. Qxh6 Rxh4 33. Qxh4 Qc4 34. Qg5 Qxf1+ 0-1

[Event "Ruhrgebiet Verbandsliga Gruppe 2 1617"]
[Site "Germany"]
[Date "2017.04.30"]
[Round "9.1"]
[White "Schulz, Hartmut"]
[Black "Happel, Heiner"]
[Result "0-1"]
[WhiteElo "2039"]
[BlackElo "2171"]
[PlyCount "56"]
[EventDate "2016.09.04"]
[EventType "team-tourn"]
[EventRounds "9"]
[EventCountry "GER"]
[SourceTitle "EXT 2022"]
[Source "ChessBase"]
[SourceDate "2021.10.06"]
[SourceVersion "1"]
[SourceVersionDate "2021.10.06"]
[SourceQuality "1"]
[WhiteTeam "Brambauer"]
[BlackTeam "Hamm Koenigsspringer"]
[WhiteTeamCountry "GER"]
[BlackTeamCountry "GER"]

1. d4 Nf6 2. Nf3 c6 3. Bf4 d6 4. c3 Nh5 5. Bc1 Qc7 6. e4 g6 7. h3 e5 8. Bd3 Bg7 9. g4 Nf6 10. dxe5 dxe5 11. Be3 0-0 12. Nbd2 Nbd7 13. Qc2 Re8 14. a4 a5 15. Bc4 Nf8 16. Ng5 Ne6 17. Nxe6 Bxe6 18. Bxe6 Rxe6 19. Qb3 Nd7 20. Nf3 Bf8 21. Ng5 Rf6 22. Ke2 Bc5 23. Rad1 b6 24. Rd2 Bxe3 25. fxe3 Nc5 26. Qc4 Rd8 27. Rxd8+ Qxd8 28. Rf1 Rxf1 0-1

[Event "Ruhrgebiet Verbandsliga Gruppe 2 1617"]
[Site "Germany"]
[Date "2017.01.29"]
[Round "6.1"]
[White "Happel, Heiner"]
[Black "Roth, Markus"]
[Result "1-0"]
[WhiteElo "2168"]
[BlackElo "2162"]
[PlyCount "91"]
[EventDate "2016.09.04"]
[EventType "team-tourn"]
[EventRounds "9"]
[EventCountry "GER"]
[SourceTitle "EXT 2022"]
[Source "ChessBase"]
[SourceDate "2021.10.06"]
[SourceVersion "1"]
[SourceVersionDate "2021.10.06"]
[SourceQuality "1"]
[WhiteTeam "Hamm Koenigsspringer"]
[BlackTeam "Essen Werden"]
[WhiteTeamCountry "GER"]
[BlackTeamCountry "GER"]

1. d4 e6 2. Nf3 Nf6 3. c4 d5 4. g3 Be7 5. Bg2 0-0 6. 0-0 dxc4 7. Qc2 b5 8. a4 b4 9. Bg5 Ba6 10. Rd1 Nc6 11. e3 Na5 12. Nbd2 Nd5 13. Bxe7 Qxe7 14. Bf1 b3 15. Qc1 Nb4 16. Qc3 c5 17. dxc5 Qxc5 18. Ne4 Qe7 19. Nd6 Rab8 20. Ne5 Qc7 21. Nexc4 Nxc4 22. Bxc4 Bxc4 23. Qxc4 Qxc4 24. Nxc4 Rfc8 25. Na5 g5 26. Ra3 Rc5 27. Nxb3 Rc2 28. Rd2 Rc4 29. Nd4 Rc1+ 30. Kg2 g4 31. Ne2 Re1 32. Rc3 Nd5 33. Rc4 h5 34. Nc3 Nxc3 35. Rxc3 Kg7 36. h3 Rb4 37. hxg4 hxg4 38. b3 Rb1 39. Rd7 a5 40. Rcc7 R1xb3 41. Rxf7+ Kg6 42. Rg7+ Kf6 43. Rcf7+ Ke5 44. Rg5+ Kd6 45. Rxa5 Ra3 46. Rf4 1-0

[Event "Ruhrgebiet Verbandsliga Gruppe 2 1617"]
[Site "Germany"]
[Date "2016.09.25"]
[Round "2.1"]
[White "Schlueter, Christoph"]
[Black "Happel, Heiner"]
[Result "1/2-1/2"]
[WhiteElo "1993"]
[BlackElo "2168"]
[PlyCount "43"]
[EventDate "2016.09.04"]
[EventType "team-tourn"]
[EventRounds "9"]
[EventCountry "GER"]
[SourceTitle "EXT 2022"]
[Source "ChessBase"]
[SourceDate "2021.10.06"]
[SourceVersion "1"]
[SourceVersionDate "2021.10.06"]
[SourceQuality "1"]
[WhiteTeam "Kirchhellen SF"]
[BlackTeam "Hamm Koenigsspringer"]
[WhiteTeamCountry "GER"]
[BlackTeamCountry "GER"]

1. e4 c5 2. Nf3 e6 3. d4 cxd4 4. Nxd4 Nc6 5. Nb5 d6 6. c4 a6 7. N5c3 Nf6 8. Be2 Be7 9. 0-0 0-0 10. Be3 b6 11. Re1 Bb7 12. Nd2 Qc7 13. Rc1 Rfe8 14. Nd5 exd5 15. cxd5 Rec8 16. dxc6 Bxc6 17. Bd4 b5 18. Bf3 Qb7 19. e5 dxe5 20. Bxe5 Bxf3 21. Qxf3 Qxf3 22. Nxf3 1/2-1/2

[Event "Ruhrgebiet Regionalliga 1314"]
[Site "Ruhrgebiet"]
[Date "2013.11.10"]
[Round "3.2"]
[White "Schriewer, Thomas"]
[Black "Happel, Heiner"]
[Result "1/2-1/2"]
[WhiteElo "2016"]
[BlackElo "2169"]
[PlyCount "86"]
[EventDate "2013.09.22"]
[EventType "team-tourn"]
[EventRounds "9"]
[EventCountry "GER"]
[SourceTitle "EXT 2024"]
[Source "ChessBase"]
[SourceDate "2023.10.10"]
[SourceVersion "1"]
[SourceVersionDate "2023.10.10"]
[SourceQuality "1"]
[WhiteTeam "Herne Sodingen II"]
[BlackTeam "Koenigsspringer Hamm"]
[WhiteTeamCountry "GER"]
[BlackTeamCountry "GER"]

1. d4 Nf6 2. c4 e6 3. Nf3 b6 4. a3 Bb7 5. Nc3 d5 6. cxd5 Nxd5 7. Qc2 Be7 8. e4 Nxc3 9. bxc3 0-0 10. Bd3 c5 11. 0-0 cxd4 12. cxd4 Qc8 13. Qe2 Ba6 14. Bf4 Bxd3 15. Qxd3 Qa6 16. Qxa6 Nxa6 17. Rac1 Rfd8 18. Rfd1 Rac8 19. h3 f6 20. a4 Kf7 21. Kf1 Ba3 22. Rb1 Bb4 23. Rbc1 Ba3 24. Rb1 Rd7 25. Rd3 Bb4 26. Bd2 Rc4 27. Bxb4 Nxb4 28. Rd2 Nc6 29. d5 Na5 30. dxe6+ Kxe6 31. Rxd7 Kxd7 32. e5 Rxa4 33. Rd1+ Ke7 34. exf6+ gxf6 35. Nd4 Kf7 36. Nf5 Nc6 37. g4 Ne5 38. Rc1 Ke6 39. Rc7 Nd7 40. Rc6+ Kf7 41. Rc7 Ke6 42. Rc6+ Ke5 43. Rc7 Ke6 1/2-1/2

[Event "Unna op"]
[Site "Unna"]
[Date "2012.12.28"]
[Round "4"]
[White "Naundorf, Maik"]
[Black "Happel, Heiner"]
[Result "1/2-1/2"]
[WhiteElo "2129"]
[BlackElo "2269"]
[PlyCount "39"]
[EventDate "2012.12.27"]
[EventType "swiss"]
[EventRounds "7"]
[EventCountry "GER"]
[SourceTitle "CBM 152 Extra"]
[Source "ChessBase"]
[SourceDate "2013.02.25"]
[SourceVersion "1"]
[SourceVersionDate "2013.02.25"]
[SourceQuality "1"]

1. d4 Nf6 2. c4 e6 3. Nc3 d5 4. cxd5 exd5 5. Bg5 c6 6. e3 Be7 7. Bd3 Nbd7 8. Qc2 Nh5 9. Bxe7 Qxe7 10. Nge2 Ndf6 11. 0-0-0 g6 12. Kb1 Ng7 13. Nc1 Bf5 14. Rhe1 0-0 15. h3 Rfe8 16. Nb3 Rad8 17. Rc1 Bxd3 18. Qxd3 Ne4 19. Nxe4 Qxe4 20. Qxe4 1/2-1/2

[Event "Ruhrgebiet Regionalliga 1213"]
[Site "Nordrheinwestfalen"]
[Date "2012.10.14"]
[Round "2.1"]
[White "Happel, Heiner"]
[Black "Leveikina, Jevgenija"]
[Result "1/2-1/2"]
[WhiteElo "2186"]
[BlackElo "2000"]
[PlyCount "81"]
[EventDate "2012.09.09"]
[EventType "team-tourn"]
[EventRounds "9"]
[EventCountry "GER"]
[SourceTitle "EXT 2020"]
[Source "ChessBase"]
[SourceDate "2019.10.17"]
[SourceVersion "1"]
[SourceVersionDate "2019.10.17"]
[SourceQuality "1"]
[WhiteTeam "Koenigsspringer Hamm"]
[BlackTeam "Herne Sodingen II"]
[WhiteTeamCountry "GER"]
[BlackTeamCountry "GER"]

1. d4 d5 2. Nf3 Nf6 3. c4 c6 4. Nc3 e6 5. e3 Nbd7 6. b3 Bb4 7. Bd2 0-0 8. Qc2 b6 9. Bd3 Bb7 10. 0-0 Rc8 11. Rad1 Qe7 12. Qb1 Rfd8 13. e4 Bxc3 14. Bxc3 dxe4 15. Bxe4 Nxe4 16. Qxe4 Nf8 17. Rd3 c5 18. d5 Ng6 19. Re1 Qf8 20. Red1 Re8 21. Qg4 exd5 22. cxd5 Qd6 23. g3 Ba6 24. R3d2 Rcd8 25. h4 Bc8 26. Qc4 h5 27. Bb2 Bg4 28. Qc3 f6 29. Qd3 Ne7 30. Re1 Nf5 31. Rxe8+ Rxe8 32. Nh2 Bh3 33. Re2 Rd8 34. Qf3 Qxd5 35. Re8+ Kh7 36. Rxd8 Qxd8 37. Qxh5+ Kg8 38. Qe2 Qd5 39. Qe8+ Kh7 40. Qh5+ Kg8 41. Qe8+ 1/2-1/2

[Event "Ruhrgebiet Verbandsliga1 1112"]
[Site "Nordrheinwestfalen"]
[Date "2011.09.18"]
[Round "1.1"]
[White "Wickenfeld, Stefan"]
[Black "Happel, Heiner"]
[Result "0-1"]
[WhiteElo "2076"]
[BlackElo "2210"]
[PlyCount "46"]
[EventDate "2012.09.18"]
[EventType "team-tourn"]
[EventRounds "9"]
[EventCountry "GER"]
[SourceTitle "EXT 2020"]
[Source "ChessBase"]
[SourceDate "2019.10.17"]
[SourceVersion "1"]
[SourceVersionDate "2019.10.17"]
[SourceQuality "1"]
[WhiteTeam "Herne Sodingen II"]
[BlackTeam "Koenigsspringer Hamm"]
[WhiteTeamCountry "GER"]
[BlackTeamCountry "GER"]

1. e4 c5 2. Nf3 e6 3. d3 d5 4. Nbd2 Nc6 5. g3 Bd6 6. Bg2 Nge7 7. 0-0 0-0 8. Re1 Bc7 9. Nf1 b6 10. exd5 exd5 11. Ne3 d4 12. Nc4 Bg4 13. Qd2 f6 14. h3 Bh5 15. Qe2 Bf7 16. Ng5 fxg5 17. Bxg5 Re8 18. Qg4 Bd5 19. Be4 Qc8 20. Bxh7+ Kxh7 21. Qh4+ Kg8 22. Bxe7 Nxe7 23. Kh2 Qf5 0-1

[Event "Unna op"]
[Site "Unna"]
[Date "2010.12.30"]
[Round "7.1"]
[White "Kartsev, Soel"]
[Black "Happel, Heiner"]
[Result "1-0"]
[WhiteElo "2169"]
[BlackElo "2284"]
[PlyCount "141"]
[EventDate "2010.12.27"]
[EventType "swiss"]
[EventRounds "7"]
[EventCountry "GER"]
[SourceTitle "CBM 140 Extra"]
[Source "ChessBase"]
[SourceDate "2011.03.01"]
[SourceVersion "1"]
[SourceVersionDate "2011.03.01"]
[SourceQuality "1"]

1. e4 e6 2. d4 d5 3. e5 c5 4. c3 Nc6 5. Nf3 Bd7 6. Be2 f6 7. 0-0 fxe5 8. Nxe5 Nxe5 9. dxe5 Bc6 10. Na3 Qd7 11. Bg5 Be7 12. Qd2 Bxg5 13. Qxg5 Qe7 14. Qh5+ Qf7 15. Qh3 Ne7 16. b4 cxb4 17. cxb4 0-0 18. Nc2 Qf5 19. Qxf5 Nxf5 20. b5 Bd7 21. Bd3 Rac8 22. a4 Rc3 23. Ra3 Rxa3 24. Nxa3 Rc8 25. Nc2 Rc3 26. Rd1 a6 27. f4 axb5 28. axb5 Bxb5 29. Bxf5 exf5 30. Rxd5 Rxc2 31. Rxb5 Rc7 32. Kf2 Kf7 33. Rb6 h6 34. h3 h5 35. Kg3 Rc6 36. Rxb7+ Kg6 37. Kh4 Kh6 38. g4 hxg4 39. hxg4 fxg4 40. Kxg4 g6 41. Rb1 Rc2 42. Kf3 Kg7 43. Rb7+ Kf8 44. Rb4 Ke7 45. Rb7+ Kf8 46. Ra7 Rb2 47. Rd7 Rb1 48. Ke4 Re1+ 49. Kf3 Ra1 50. Rd6 Kf7 51. Rf6+ Kg7 52. Rb6 Kf7 53. Rd6 Rb1 54. Ke4 Rb5 55. Rd7+ Kf8 56. e6 Rb1 57. Ke5 Rf1 58. Rf7+ Kg8 59. Kd6 Rd1+ 60. Ke7 Rd4 61. f5 gxf5 62. Rxf5 Rg4 63. Ke8 Kg7 64. e7 Ra4 65. Rc5 Rd4 66. Rc1 Rh4 67. Rf1 Rd4 68. Rg1+ Kh8 69. Rg5 Kh7 70. Kf7 Rf4+ 71. Ke6 1-0

[Event "Ruhrgebiet Regionalliga 1011"]
[Site "Nordrheinwestfalen"]
[Date "2010.11.21"]
[Round "3.1"]
[White "Poley, Vladimir"]
[Black "Happel, Heiner"]
[Result "1-0"]
[WhiteElo "2358"]
[BlackElo "2217"]
[PlyCount "71"]
[EventDate "2010.09.19"]
[EventType "team-tourn"]
[EventRounds "9"]
[EventCountry "GER"]
[SourceTitle "EXT 2020"]
[Source "ChessBase"]
[SourceDate "2019.10.17"]
[SourceVersion "1"]
[SourceVersionDate "2019.10.17"]
[SourceQuality "1"]
[WhiteTeam "Oberhausen SV"]
[BlackTeam "Koenigsspringer Hamm"]
[WhiteTeamCountry "GER"]
[BlackTeamCountry "GER"]

1. c4 c6 2. e4 d5 3. exd5 cxd5 4. cxd5 Nf6 5. Nf3 Nxd5 6. Bc4 e6 7. 0-0 Be7 8. Nc3 Nxc3 9. dxc3 Qxd1 10. Rxd1 Nc6 11. Bf4 f6 12. Re1 e5 13. Be3 Bd7 14. b4 0-0-0 15. a4 Kb8 16. a5 Rc8 17. Bd5 Bd8 18. Bc5 Bc7 19. b5 Nxa5 20. Bb4 b6 21. c4 Rcd8 22. Nd2 Bc8 23. Bxa5 bxa5 24. Nb3 Bb7 25. Bxb7 Kxb7 26. Nxa5+ Bxa5 27. Rxa5 Rd4 28. Rea1 Rxc4 29. Rxa7+ Kb6 30. Rxg7 Ra8 31. Rf1 h5 32. Rf7 Rf4 33. g3 Rf5 34. Rc1 Ra2 35. Rc6+ Kxb5 36. Rcxf6 1-0

[Event "Ruhrgebiet Regionalliga 0910"]
[Site "Germany"]
[Date "2010.02.07"]
[Round "6.1"]
[White "Happel, Heiner"]
[Black "Heinzel, Olaf"]
[Result "1-0"]
[WhiteElo "2255"]
[BlackElo "2340"]
[PlyCount "139"]
[EventDate "2009.09.06"]
[EventType "team-tourn"]
[EventRounds "9"]
[EventCountry "GER"]
[SourceTitle "EXT 2011"]
[Source "ChessBase"]
[SourceDate "2010.11.26"]
[SourceVersion "1"]
[SourceVersionDate "2010.11.26"]
[SourceQuality "1"]
[WhiteTeam "Hamm Koenigsspringer"]
[BlackTeam "Dortmund Hansa II"]
[WhiteTeamCountry "GER"]
[BlackTeamCountry "GER"]

1. d4 c5 2. e4 cxd4 3. Nf3 Nc6 4. Nxd4 Nf6 5. Nc3 e5 6. Ndb5 d6 7. Bg5 a6 8. Na3 b5 9. Nd5 Be7 10. Bxf6 Bxf6 11. c3 0-0 12. Nc2 Be6 13. Nce3 Bg5 14. Be2 g6 15. 0-0 f5 16. exf5 gxf5 17. a4 b4 18. cxb4 Nd4 19. f4 Bh6 20. Rc1 Rf7 21. Bc4 Qh4 22. g3 Qd8 23. Qh5 Bg7 24. a5 e4 25. Nb6 Bxc4 26. Rxc4 Rb8 27. Rfc1 Nf3+ 28. Kg2 Qf6 29. R4c2 Qe6 30. Ned5 Bd4 31. Rc7 Rbf8 32. Rxf7 Rxf7 33. Rc7 Bxb2 34. Rxf7 Qxf7 35. Qxf7+ Kxf7 36. b5 Nd4 37. Nc4 Ba1 38. bxa6 Nc6 39. Nb4 Na7 40. Nxd6+ Ke6 41. Nc4 Bd4 42. Nc2 Bc5 43. N2e3 Nc6 44. Kh3 Nb4 45. g4 Nxa6 46. gxf5+ Kf6 47. Kg4 Nb4 48. h4 Bd4 49. Kh5 Nd3 50. Kh6 Nxf4 51. Kxh7 Bc5 52. a6 Nh5 53. Nb6 Bxb6 54. Nd5+ Kxf5 55. Nxb6 e3 56. Nc4 e2 57. Ne3+ Ke4 58. Ng2 Nf4 59. Ne1 Nd3 60. Nc2 Nb4 61. a7 Nxc2 62. a8Q+ Kf4 63. Qa4+ Kf3 64. Qb3+ Ne3 65. Qc3 Kf2 66. Qd2 Ng2 67. h5 Kf1 68. h6 e1Q 69. Qxe1+ Kxe1 70. Kg7 1-0

[Event "Unna op"]
[Site "Unna"]
[Date "2008.12.30"]
[Round "7"]
[White "Happel, Heiner"]
[Black "Sieglen, Joachim"]
[Result "0-1"]
[WhiteElo "2254"]
[BlackElo "2338"]
[PlyCount "98"]
[EventDate "2008.12.27"]
[EventType "swiss"]
[EventRounds "7"]
[EventCountry "GER"]
[SourceTitle "CBM 128 Extra"]
[Source "ChessBase"]
[SourceDate "2009.03.05"]
[SourceVersion "2"]
[SourceVersionDate "2009.03.25"]
[SourceQuality "1"]

1. d4 Nf6 2. c4 c5 3. d5 b5 4. cxb5 a6 5. bxa6 Bxa6 6. Nc3 d6 7. e4 Bxf1 8. Kxf1 g6 9. h3 Bg7 10. Nge2 0-0 11. Kg1 Nbd7 12. Kh2 Qb6 13. Rb1 Rfb8 14. Be3 Qa6 15. Qc2 Ne8 16. f4 Nc7 17. a4 Rb4 18. e5 dxe5 19. f5 e4 20. Rhf1 Qd3 21. Qd2 Rab8 22. fxg6 hxg6 23. Rfd1 Qxd2 24. Rxd2 Ne8 25. Rc2 Nd6 26. Bc1 Ne5 27. a5 Nd3 28. a6 Ra8 29. b3 Rxa6 30. Bg5 f6 31. Bd2 Ra3 32. Nc1 Nxc1 33. Bxc1 Raxb3 34. Rxb3 Rxb3 35. Na4 f5 36. Nxc5 Be5+ 37. Kg1 Rb5 38. Kf1 Kf7 39. Ke2 Ne8 40. Nd7 Bd6 41. Be3 Nc7 42. Nb6 Nxd5 43. Nc4 Bc7 44. Bd4 Nf4+ 45. Kf2 e5 46. Be3 Ne6 47. Rd2 f4 48. Rd7+ Ke8 49. Rxc7 fxe3+ 0-1